Online katalóg knižníc regiónu Turca

Peklo dodrží svoj sľub (Record no. 20608)

MARC details
000 -LEADER
fixed length control field 01201nam a2200373 a 4500
001 - CONTROL NUMBER
control field 20608
003 - CONTROL NUMBER IDENTIFIER
control field VRT
005 - DATE AND TIME OF LATEST TRANSACTION
control field 20260127141204.0
008 - FIXED-LENGTH DATA ELEMENTS--GENERAL INFORMATION
fixed length control field 250414s1978 xo 0 slo
015 ## - NATIONAL BIBLIOGRAPHY NUMBER
National bibliography number SNBA1978
035 ## - SYSTEM CONTROL NUMBER
System control number SNK000056266
039 #9 - LEVEL OF BIBLIOGRAPHIC CONTROL AND CODING DETAIL [OBSOLETE]
Level of rules in bibliographic description 202504141423
Level of effort used to assign nonsubject heading access points VLOAD
Level of effort used to assign subject headings 202403152028
Level of effort used to assign classification VLOAD
Level of effort used to assign subject headings 201808141249
Level of effort used to assign classification VLOAD
Level of effort used to assign subject headings 201808141249
Level of effort used to assign classification VLOAD
040 ## - CATALOGING SOURCE
Original cataloging agency SNK
Language of cataloging slo
Transcribing agency SNK
Description conventions AACR2
041 0# - LANGUAGE CODE
Language code of text/sound track or separate title slo
044 ## - COUNTRY OF PUBLISHING/PRODUCING ENTITY CODE
MARC country code xo
ISO country code SK
080 ## - UNIVERSAL DECIMAL CLASSIFICATION NUMBER
Universal Decimal Classification number 830-3
Edition identifier 1981
100 1# - MAIN ENTRY--PERSONAL NAME
Personal name Antkowiak, Alfred
Relationship aut
245 10 - TITLE STATEMENT
Title Peklo dodrží svoj sľub
Statement of responsibility, etc. Alfred Antkowiak ; Katarína Dlouhá, Otakar Rosa
250 ## - EDITION STATEMENT
Edition statement 1. vyd.
260 ## - PUBLICATION, DISTRIBUTION, ETC.
Place of publication, distribution, etc. Bratislava
Name of publisher, distributor, etc. Pravda
Date of publication, distribution, etc. 1978
Place of manufacture Bratislava
Manufacturer Pravda
300 ## - PHYSICAL DESCRIPTION
Extent 391 s., 18,46 AH
Dimensions 21 cm
366 ## - TRADE AVAILABILITY INFORMATION
Note 20000 výtl.
490 1# - SERIES STATEMENT
Series statement Členská knižnica Pravda
500 ## - GENERAL NOTE
General note Vysvetl.
700 1# - ADDED ENTRY--PERSONAL NAME
Personal name Dlouhá, Katarína
Relationship trl
700 1# - ADDED ENTRY--PERSONAL NAME
Personal name Rosa, Otakar
Relationship bkd
942 ## - ADDED ENTRY ELEMENTS (KOHA)
Source of classification or shelving scheme Dewey Decimal Classification
Koha item type Krásna literatúra pre dospelých
Suppress in OPAC No
949 ## - LOCAL PROCESSING INFORMATION (OCLC)
6 273K0285737
a svkpoA 112082
b svkpo258974
949 ## - LOCAL PROCESSING INFORMATION (OCLC)
6 4710700256
9 1
a strmkB
b strmk2008/256
949 ## - LOCAL PROCESSING INFORMATION (OCLC)
6 17A0162426
9 P60, <04>, [BOOK], {604}
a snkSC 45317 D1
949 ## - LOCAL PROCESSING INFORMATION (OCLC)
6 17A0769759
a snkSC 45317
Holdings
Stav vyradenia Strata Poškodenie Spôsob nadobudnutia Domovská knižnica Aktuálna knižnica Dátum nadobudnutia Total checkouts Čiarový kód exemplára Date last seen Typ exemplára
      Dar Obecná knižnica Horná Štubňa Obecná knižnica Horná Štubňa 27.01.2026   4736200710 27.01.2026 Krásna literatúra pre dospelých
Projekt je podporený Slovenskou asociáciou knižníc
Prevádzkuje Turčianska knižnica Martin 2026